50 Famous Men from Spain - Statistics

General Stats
  • This quiz has been taken 474 times
    10 since last reset
  • The average score is 21 of 50
Answer Stats
Hint Answer % Correct
Actor who played in Desperado, Evita and The Mask of Zorro Antonio Banderas
100%
Singer known as the King of Latin Pop {Enrique} Iglesias
100%
General who ruled over Spain from 1939 to 1975 as a dictator Francisco Franco
83%
Painter of Guernica and co-founder of cubism Pablo Picasso
83%
Tennis player who won 22 Grand slam titles Rafael Nadal
83%
Architect of Sagrada Familia Antoni Gaudi
67%
Tennis player who won 6 Grand slam titles as of 2025 Carlos Alcaraz
67%
Top scorer in the history of Spain with 59 goals David Villa
67%
King of Aragon from 1479 to his death Ferdinand II
67%
Formula One Champion in 2005 and 2006 Fernando Alonso
67%
Widely regarded to be one of the greatest goalkeepers of all time Iker Casillas
67%
Oscar winner for playing in the 2007 film No Country for Old Men Javier Bardem
67%
King of Spain from November 1975 until his abdication in June 2014 Juan Carlos I
67%
One of the most commercially successful Latin singers in history {Julio} Iglesias
67%
Author of Don Quixote Miguel de Cervantes
67%
NBA All-Star whose jersey number 16 was retired by LA Lakers Pau Gasol
67%
Painter of The Persistence of Memory Salvador Dali
67%
Footballer who scored the winning goal in 2010 FIFA World Cup final Andrés Iniesta
50%
Formula One driver currently competing for Ferrari Carlos Sainz Jr.
50%
King of Spain since 2014 Felipe VI
50%
Conquistador who led to the Spanish conquest of the Inca empire Francisco Pizarro
50%
Conquistador liable for the defeat of the Aztec empire Hernan Cortes
50%
One of the most successful motorcycle racers of all time Marc Márquez
50%
Former football player and widely regarded as one of the world's best coaches Pep Guardiola
50%
Founder of the Inditex fashion group and owner of Zara Amancio Ortega
33%
Painter whose most notable work of art is Las Meninas Diego Velazquez
33%
11th century national hero who fought for the Spanish king Alfonso VII El Cid
33%
Legendary Real Madrid forward of the "Quinta del Buitre" generation Emilio Butragueño
33%
Famous painter of the late 18th and early 19th centuries in Europe Francisco Goya
33%
Two of the Three Tenors Jose Carreras
33%
Two of the Three Tenors Placido Domingo
33%
One of riders to have won all three Grand Tours of cycling Alberto Contador
17%
Multi-Grammy-winning singer-songwriter known for his influential pop-flamenco style Alejandro Sanz
17%
Multi-Grammy winning pop/flamenco singer Alejandro Sanz
17%
Multiple-time motorcycle racing world champion Ángel Nieto
17%
Fashion designer famously called "the master of us all" Cristóbal Balenciaga
17%
Poet who is believed to have been killed at the beginning of the Spanish Civil War Federico Garcia Lorca
17%
Head chef of the El Bulli restaurant and is considered one of the best in the world Ferran Adrià
17%
Secretary general of NATO from 1995 to 1999 Javier Solana
17%
Globally renowned surrealist painter, sculptor, and ceramicist Joan Miró
17%
Explorer, conquistador and the first governor of Puerto Rico Juan Ponce de León
17%
Navigator who completed the first global circumnavigation Juan Sebastián Elcano
17%
Cyclist who won five Tours de France from 1991 to 1995 Miguel Induráin
17%
Master of flamenco guitar Paco de Lucía
17%
Fashion designer of Basque origin Paco Rabanne
17%
Filmmaker who won Oscar for directing All About My Mother Pedro Almodovar
17%
Basketball player who debuted professionally at 14 and played over a decade in the NBA Ricky Rubio
17%
Most capped footballer in the history of the Spanish national team Sergio Ramos
17%
A pioneer in Spanish golf with five major championship wins Severiano Ballesteros
17%
Basketball guard who played 20 years for Barcelona Juan Carlos Navarro
0%
No matching quizzes found
Score Distribution
Percent of People with Each Score
Percentile by Number Answered
Your Score History
You have not taken this quiz since the last reset